Winnie the Pooh Quiz Stats

 Plays Quiz not verified by Sporcle

Challenge
Share
Tweet
Embed
Score 0/7 Timer 04:00
0 Plays Today
Clue Answer % Correct
What is Roo's mum called?Kanga
97.6%
Is Piglet a boy or a girl?Boy
96.4%
What colour is Winnie's top?Red
94.3%
What animal is Roo?A Kangaroo
93.9%
What is the name of Winnie's human friend?Christopher Robin
91.5%
Where does Winnie and his friends live?100 acre wood
37.4%
When is Tigger's Birthday?October 1928
10.7%

You're not logged in!

Compare scores with friends on all Sporcle quizzes.
OR
Log In

You Might Also Like...

Show Comments

Extras

Created Oct 24, 2010ReportNominate
Tags:pooh, winnie

Top Quizzes Today


Score Distribution

Your Account Isn't Verified!

In order to create a playlist on Sporcle, you need to verify the email address you used during registration. Go to your Sporcle Settings to finish the process.

Report this User

Report this user for behavior that violates our Community Guidelines.

Details: